| 000 | 01075cam a2200313Ia 4500 | ||
|---|---|---|---|
| 001 | 40445 | ||
| 005 | 20230410101711.0 | ||
| 008 | 050705s2005 flua 000 0 fre d | ||
| 035 | _a(OCoLC)ocm60804099 | ||
| 040 |
_aNOC _cNOC _dOCLCQ |
||
| 020 | _a0976286106 | ||
| 020 | _a9780976286103 | ||
| 035 | _a(OCoLC)60804099 | ||
| 041 | 0 |
_afre _aeng _aspa |
|
| 050 | 1 | 4 |
_a110 ND 237 _bF288v 2005 |
| 100 | 1 | _aFérére, Nancy Turnier. | |
| 245 | 1 | 0 |
_aVévé : _bl'art ritual du vodou haitien = Ritual art of Haitian vodou = Arte ritual del vodou haitiano / _cNancy Turnier Férére ; introduction, Gérard Alphonse Férére. |
| 246 | 3 | 0 | _aArt ritual du vodou hàitien |
| 246 | 3 | 0 | _aRitual art of Haitian vodou |
| 260 |
_aBoca Raton : _bNancy Turnier Férére ; _a[s.l.] : _bReme Art Publishing, _cc2005. |
||
| 300 |
_a102 p. : _bcol. ill. ; _c29 cm. |
||
| 546 | _aFrench, English and Spanish. | ||
| 600 | 1 | 0 | _aFérére, Nancy Turnier. |
| 650 | 0 | _aVoodooism in art. | |
| 650 | 4 | _aCEH | |
| 650 | 4 | _aColección Estudios Haitianos | |
| 942 |
_2lcc _cbk |
||
| 994 |
_aC0 _bDRFGD |
||
| 999 |
_c12341 _d12341 |
||